[Event "Madrid ch 2017-2018 Veteranos"]
[Site "Madrid ESP"]
[Date "2018.01.08"]
[Round "1.28"]
[White "De Luna Butz, Alberto"]
[Black "Sierra Garcia, Ricardo"]
[Result "1-0"]
[WhiteElo "1810"]
[BlackElo "1343"]
[PlyCount "99"]
[EventDate "2018.01.08"]
[EventType "swiss"]
[EventRounds "9"]
[EventCountry "ESP"]
[SourceTitle "Ajedrez en Madrid"]
[Source "lmi"]
[SourceDate "2018.01.08"]
[SourceVersion "1"]
[SourceVersionDate "2018.01.25"]
[SourceQuality "1"]

1. Nf3 Nf6 2. c4 e6 3. g3 d5 4. Bg2 Be7 5. O-O O-O 6. b3 c5 7. e3 Nc6 8. Bb2 d4
9. exd4 cxd4 10. Re1 a6 11. Na3 Bc5 12. Nc2 Re8 13. Ne5 Nxe5 14. Rxe5 Ba7 15.
d3 Nd7 16. Re1 e5 17. Qe2 Nf6 18. Qd2 Rb8 19. Nb4 Be6 20. Rxe5 b5 21. Nc6 Qc7
22. Nxb8 Qxe5 23. Nc6 Qc7 24. Bxd4 Bxd4 25. Nxd4 Bd7 26. Re1 Qc5 27. Rxe8+ Bxe8
28. Nf3 Bc6 29. d4 Qh5 30. d5 Bd7 31. Qg5 Bg4 32. Qxh5 Bxh5 33. Ne5 bxc4 34.
bxc4 Ne8 35. Bf3 Bg6 36. Nxg6 fxg6 37. Kf1 Kf7 38. Ke2 Kf6 39. Kd3 Ke5 40. Bg4
Kd6 41. Kd4 Nf6 42. c5+ Kc7 43. d6+ Kd8 44. h3 h5 45. Bf3 Kd7 46. Ke5 Nh7 47.
c6+ Kd8 48. h4 Nf8 49. Be2 a5 50. Ba6 1-0

[Event "Madrid ch 2017-2018 Veteranos"]
[Site "Madrid ESP"]
[Date "2018.01.08"]
[Round "1.29"]
[White "Martin Rodriguez, Jose Luis"]
[Black "Losada Gonzalez, Andres"]
[Result "0-1"]
[WhiteElo "1302"]
[BlackElo "1807"]
[PlyCount "80"]
[EventDate "2018.01.08"]
[EventType "swiss"]
[EventRounds "9"]
[EventCountry "ESP"]
[SourceTitle "Ajedrez en Madrid"]
[Source "lmi"]
[SourceDate "2018.01.08"]
[SourceVersion "1"]
[SourceVersionDate "2018.01.25"]
[SourceQuality "1"]

1. c4 f5 2. Nc3 Nf6 3. Nf3 e6 4. d3 Be7 5. g3 O-O 6. Bg2 d5 7. cxd5 exd5 8. d4
c6 9. Ne5 Ne4 10. f3 Nd6 11. Bd2 Nd7 12. f4 Nf6 13. Qb3 Nfe4 14. Qc2 Bd7 15.
Nxe4 fxe4 16. O-O-O a5 17. Kb1 Bf6 18. Qc5 Nb5 19. Be3 a4 20. a3 Be7 21. Qc1
Bd6 22. Qd2 Qe7 23. Ka2 Be6 24. h4 c5 25. Bh3 Rac8 26. Bxe6+ Qxe6 27. Qa5 Nxd4
28. Bxd4 cxd4 29. Rxd4 Bxe5 30. Qxd5 Qxd5+ 31. Rxd5 Bf6 32. Kb1 Rc6 33. Rb5 Rd8
34. Rxb7 Rd2 35. Rb8+ Kf7 36. Rb7+ Ke6 37. f5+ Kxf5 38. Rb4 Rcc2 39. g4+ Kf4
40. Rf1+ Ke3 0-1

[Event "Madrid ch 2017-2018 Veteranos"]
[Site "Madrid ESP"]
[Date "2018.01.08"]
[Round "1.30"]
[White "Hernandez Gutierrez, Jose"]
[Black "Perales Hernandez, Manuel"]
[Result "1-0"]
[WhiteElo "1803"]
[BlackElo "1302"]
[PlyCount "84"]
[EventDate "2018.01.08"]
[EventType "swiss"]
[EventRounds "9"]
[EventCountry "ESP"]
[SourceTitle "Ajedrez en Madrid"]
[Source "lmi"]
[SourceDate "2018.01.08"]
[SourceVersion "1"]
[SourceVersionDate "2018.01.25"]
[SourceQuality "1"]

1. d4 d5 2. c4 dxc4 3. e3 b5 4. a4 Ba6 5. axb5 Bxb5 6. Nc3 Qd7 7. Nf3 f6 8. Nd2
e5 9. dxe5 Bb4 10. e6 Qc6 11. Qh5+ Kd8 12. Nxb5 g6 13. Qf3 Qxf3 14. gxf3 a6 15.
Nc3 Nh6 16. Bxc4 c6 17. Ke2 Ke7 18. Nb3 Nf5 19. Ne4 Ng7 20. Rd1 Nxe6 21. Bd2 c5
22. Bxb4 cxb4 23. Bxe6 Kxe6 24. Rd6+ Ke7 25. Rxf6 a5 26. Rxa5 Nd7 27. Rfa6 Rab8
28. Nd4 Rb6 29. Rxb6 Nxb6 30. Rb5 Nd7 31. Rxb4 Rc8 32. Rb7 Kd8 33. b4 Rc1 34.
Nc5 Nf6 35. Rf7 Nd5 36. Rd7+ Kc8 37. Rxd5 Rb1 38. b5 Rb2+ 39. Kf1 Kc7 40. Rd7+
Kb6 41. Na4+ Ka5 42. Nxb2 Kb4 1-0

[Event "Madrid ch 2017-2018 Veteranos"]
[Site "Madrid ESP"]
[Date "2018.01.08"]
[Round "1.31"]
[White "Perez Ramos, Miguel Angel"]
[Black "Cruz Gonzalez, Antonio"]
[Result "0-1"]
[WhiteElo "1145"]
[BlackElo "1766"]
[PlyCount "68"]
[EventDate "2018.01.08"]
[EventType "swiss"]
[EventRounds "9"]
[EventCountry "ESP"]
[SourceTitle "Ajedrez en Madrid"]
[Source "lmi"]
[SourceDate "2018.01.08"]
[SourceVersion "1"]
[SourceVersionDate "2018.01.25"]
[SourceQuality "1"]

1. e4 c5 2. Bc4 e6 3. Nf3 Nc6 4. c3 d5 5. exd5 exd5 6. Be2 Nf6 7. d4 c4 8. Bg5
Be7 9. Bxf6 Bxf6 10. b3 b5 11. b4 a5 12. bxa5 Qxa5 13. O-O O-O 14. Qd2 Re8 15.
Re1 Bd7 16. a3 Re7 17. Bd1 Rxe1+ 18. Nxe1 Re8 19. Nf3 Bf5 20. Qb2 Bxd4 21. Qd2
Bxb1 22. cxd4 Qxd2 23. Nxd2 Re1+ 24. Nf1 Bd3 25. h3 Rxf1+ 26. Kh2 Nxd4 27. a4
bxa4 28. Rxa4 g6 29. Bg4 Rxf2 30. Ra8+ Kg7 31. Rd8 Be4 32. h4 Rxg2+ 33. Kh3 h5
34. Bd1 Ne6 0-1

[Event "Madrid ch 2017-2018 Veteranos"]
[Site "Madrid ESP"]
[Date "2018.01.09"]
[Round "2.1"]
[White "Elissalt Cardenas, Hector"]
[Black "Marcos Herrero, Francisco"]
[Result "1-0"]
[WhiteElo "2346"]
[BlackElo "1876"]
[PlyCount "33"]
[EventDate "2018.01.08"]
[EventType "swiss"]
[EventRounds "9"]
[EventCountry "ESP"]
[SourceTitle "Ajedrez en Madrid"]
[Source "lmi"]
[SourceDate "2018.01.08"]
[SourceVersion "1"]
[SourceVersionDate "2018.01.25"]
[SourceQuality "1"]

1. c4 c5 2. Nc3 Nc6 3. g3 g6 4. Bg2 Bg7 5. a3 a6 6. Rb1 Rb8 7. b4 cxb4 8. axb4
b5 9. cxb5 axb5 10. Nf3 Nf6 11. O-O O-O 12. d4 d5 13. Bf4 Bf5 14. Bxb8 Bxb1 15.
Ne5 Ne4 16. Nxc6 Nxc3 17. Qd2 1-0

[Event "Madrid ch 2017-2018 Veteranos"]
[Site "Madrid ESP"]
[Date "2018.01.09"]
[Round "2.2"]
[White "Camarero Izquierdo, Juan Carlos"]
[Black "Longa Yauca, Javier"]
[Result "1/2-1/2"]
[WhiteElo "1868"]
[BlackElo "2198"]
[PlyCount "24"]
[EventDate "2018.01.08"]
[EventType "swiss"]
[EventRounds "9"]
[EventCountry "ESP"]
[SourceTitle "Ajedrez en Madrid"]
[Source "lmi"]
[SourceDate "2018.01.08"]
[SourceVersion "1"]
[SourceVersionDate "2018.01.25"]
[SourceQuality "1"]

1. d4 Nf6 2. Nc3 e6 3. Bg5 Be7 4. Bxf6 Bxf6 5. e4 g6 6. Qd2 d6 7. O-O-O Bg7 8.
Kb1 O-O 9. h4 Nc6 10. Nce2 h5 11. f4 Bh6 12. Nf3 Qe7 1/2-1/2

[Event "Madrid ch 2017-2018 Veteranos"]
[Site "Madrid ESP"]
[Date "2018.01.09"]
[Round "2.3"]
[White "Pastor Alonso De Prado, Alberto"]
[Black "Lopez Heras, Arturo"]
[Result "1-0"]
[WhiteElo "2190"]
[BlackElo "1859"]
[PlyCount "94"]
[EventDate "2018.01.08"]
[EventType "swiss"]
[EventRounds "9"]
[EventCountry "ESP"]
[SourceTitle "Ajedrez en Madrid"]
[Source "lmi"]
[SourceDate "2018.01.08"]
[SourceVersion "1"]
[SourceVersionDate "2018.01.25"]
[SourceQuality "1"]

1. e4 c5 2. c3 e6 3. d4 d5 4. e5 Nc6 5. Nf3 Qb6 6. Be2 Bd7 7. O-O Rc8 8. dxc5
Bxc5 9. b4 Be7 10. b5 Na5 11. a4 f6 12. Bf4 Nc4 13. Nbd2 Nxe5 14. Bxe5 fxe5 15.
Nxe5 Nf6 16. c4 O-O 17. cxd5 exd5 18. Nxd7 Nxd7 19. Bg4 Rcd8 20. Qe2 Bf6 21. a5
Qd6 22. Qe6+ Qxe6 23. Bxe6+ Kh8 24. Rac1 Ne5 25. Rc7 Rfe8 26. Bf5 g6 27. Bb1
Rd7 28. Rfc1 Rxc7 29. Rxc7 Nc4 30. Nf3 Nxa5 31. h4 Re7 32. Rc8+ Kg7 33. Ba2 Nc4
34. Bxc4 dxc4 35. Rxc4 h5 36. Ra4 b6 37. g3 Bc3 38. Rc4 Bf6 39. Kf1 Kh6 40. Nd2
Rd7 41. Ke2 Bg7 42. Ne4 Rd5 43. Rc7 Rxb5 44. Rxa7 Re5 45. Kf3 Rf5+ 46. Kg2 Bd4
47. f4 Rb5 1-0

[Event "Madrid ch 2017-2018 Veteranos"]
[Site "Madrid ESP"]
[Date "2018.01.09"]
[Round "2.4"]
[White "Sotoca Aguado, Jose"]
[Black "Nuñez Muñoz, Jesus"]
[Result "0-1"]
[WhiteElo "1852"]
[BlackElo "2182"]
[PlyCount "128"]
[EventDate "2018.01.08"]
[EventType "swiss"]
[EventRounds "9"]
[EventCountry "ESP"]
[SourceTitle "Ajedrez en Madrid"]
[Source "lmi"]
[SourceDate "2018.01.08"]
[SourceVersion "1"]
[SourceVersionDate "2018.01.25"]
[SourceQuality "1"]

1. e4 c6 2. d4 d5 3. Nc3 dxe4 4. Nxe4 Bf5 5. Ng3 Bg6 6. Nf3 Nd7 7. h4 h6 8. h5
Bh7 9. Bd3 Bxd3 10. Qxd3 Qc7 11. Bd2 Ngf6 12. O-O-O e6 13. Qe2 O-O-O 14. Kb1
Bd6 15. Ne4 Nxe4 16. Qxe4 Nf6 17. Qe2 Kb8 18. c4 c5 19. Bc3 Ka8 20. d5 exd5 21.
Bxf6 gxf6 22. Rxd5 Be5 23. Rhd1 Rxd5 24. Rxd5 Rd8 25. Qd3 Rxd5 26. Qxd5 a6 27.
Kc2 Ka7 28. g3 Ka8 29. Nxe5 fxe5 30. g4 Qe7 31. a3 Kb8 32. Kd3 Qg5 33. Qd6+ Ka8
34. Qf8+ Ka7 35. Qxc5+ Ka8 36. Qc8+ Ka7 37. f3 Qe7 38. c5 Qf6 39. Qf5 Qd8+ 40.
Ke2 Qd4 41. Qc2 Qg1 42. Qc3 Qh2+ 43. Kd3 Qf4 44. Kc2 Qa4+ 45. Qb3 Qf4 46. Qb6+
Ka8 47. Qd8+ Ka7 48. Qd5 Qf6 49. b4 Ka8 50. a4 Qf4 51. Qe4 Qh2+ 52. Kb3 Qh1 53.
Qd3 Qc1 54. Qc2 Qe3+ 55. Qc3 Qe2 56. c6 Kb8 57. c7+ Kc8 58. b5 axb5 59. a5 Qd1+
60. Kb4 Qa4+ 61. Kc5 b4 62. Qc4 Qxa5+ 63. Kd6 Qb6+ 64. Kxe5 b3 0-1

[Event "Madrid ch 2017-2018 Veteranos"]
[Site "Madrid ESP"]
[Date "2018.01.09"]
[Round "2.5"]
[White "Casares Ripoll, Fernando"]
[Black "Rueda Maria, Ramiro"]
[Result "1-0"]
[WhiteElo "2110"]
[BlackElo "1827"]
[PlyCount "77"]
[EventDate "2018.01.08"]
[EventType "swiss"]
[EventRounds "9"]
[EventCountry "ESP"]
[SourceTitle "Ajedrez en Madrid"]
[Source "lmi"]
[SourceDate "2018.01.08"]
[SourceVersion "1"]
[SourceVersionDate "2018.01.25"]
[SourceQuality "1"]

1. d4 Nf6 2. Nf3 g6 3. Bg5 Bg7 4. Nbd2 d5 5. e3 O-O 6. Bd3 c6 7. c3 Bg4 8. h3
Bxf3 9. Nxf3 Nbd7 10. O-O Re8 11. Bf4 Qb6 12. Qb3 Qxb3 13. axb3 a6 14. b4 Ne4
15. Bxe4 dxe4 16. Nd2 f5 17. Nc4 e5 18. dxe5 Nxe5 19. Bxe5 Bxe5 20. Rfd1 Bf6
21. Rd7 Re7 22. Rad1 Kf8 23. Na5 Rb8 24. Rd8+ Re8 25. Rxb8 Rxb8 26. Rd7 Be7 27.
Rxb7 Rxb7 28. Nxb7 Ke8 29. Kf1 Kd7 30. Ke2 Ke6 31. Kd2 Kd5 32. Na5 Bd8 33. c4+
Kd6 34. Nb7+ Kc7 35. Nxd8 Kxd8 36. Kc3 Ke7 37. Kd4 Kd6 38. h4 h6 39. g3 1-0

[Event "Madrid ch 2017-2018 Veteranos"]
[Site "Madrid ESP"]
[Date "2018.01.09"]
[Round "2.6"]
[White "Fernandez Aransay, Fernando"]
[Black "Sanchez Garcia, Aurelio"]
[Result "0-1"]
[WhiteElo "1825"]
[BlackElo "2091"]
[PlyCount "60"]
[EventDate "2018.01.08"]
[EventType "swiss"]
[EventRounds "9"]
[EventCountry "ESP"]
[SourceTitle "Ajedrez en Madrid"]
[Source "lmi"]
[SourceDate "2018.01.08"]
[SourceVersion "1"]
[SourceVersionDate "2018.01.25"]
[SourceQuality "1"]

1. e4 g6 2. d4 Bg7 3. Nc3 d6 4. Be3 a6 5. Qd2 b5 6. O-O-O Nf6 7. f3 b4 8. Nce2
a5 9. Kb1 Ba6 10. Nc1 Bxf1 11. Rxf1 Nbd7 12. Bh6 Bxh6 13. Qxh6 c5 14. dxc5 Nxc5
15. Rd1 Qc7 16. Nge2 Rc8 17. Nd4 Na4 18. Rd2 Nd7 19. Qg7 Rf8 20. f4 Ndb6 21.
Nd3 Nc4 22. Re2 Ncxb2 23. e5 Nc3+ 24. Ka1 Qc4 25. Nb3 Nxe2 26. exd6 Nxd3 27.
dxe7 Kxe7 28. Rd1 Qc3+ 29. Qxc3 Nxc3 30. Rxd3 Rfd8 0-1

[Event "Madrid ch 2017-2018 Veteranos"]
[Site "Madrid ESP"]
[Date "2018.01.09"]
[Round "2.8"]
[White "Minguela Muñoz, Bienvenido"]
[Black "Lopez de Turiso, Jose Angel"]
[Result "0-1"]
[WhiteElo "1819"]
[BlackElo "2020"]
[PlyCount "68"]
[EventDate "2018.01.08"]
[EventType "swiss"]
[EventRounds "9"]
[EventCountry "ESP"]
[SourceTitle "Ajedrez en Madrid"]
[Source "lmi"]
[SourceDate "2018.01.08"]
[SourceVersion "1"]
[SourceVersionDate "2018.01.25"]
[SourceQuality "1"]

1. d4 f5 2. c4 Nf6 3. Nf3 e6 4. Nc3 Be7 5. g3 O-O 6. Bg2 d6 7. O-O Qe8 8. b4 a5
9. Nb5 Bd8 10. bxa5 Rxa5 11. Bd2 Ra8 12. Qb3 Ne4 13. Bf4 Nc6 14. h4 h6 15. c5
dxc5 16. Nxc7 Bxc7 17. Bxc7 cxd4 18. Rfd1 Qe7 19. Bb6 Ra3 20. Qb2 e5 21. Rac1
Nc3 22. Rxd4 exd4 23. e3 Rxa2 24. Bc5 Rxb2 25. Bxe7 Ne2+ 26. Kf1 Nxc1 27. Bxf8
Kxf8 28. exd4 Nd3 29. d5 Rxf2+ 30. Kg1 Ncb4 31. d6 Bd7 32. Nd4 Rd2 33. Bxb7 Nc5
34. Nf3 Rd1+ 0-1

[Event "Madrid ch 2017-2018 Veteranos"]
[Site "Madrid ESP"]
[Date "2018.01.09"]
[Round "2.9"]
[White "Gonzalez Rivera, Eduardo"]
[Black "De Luna Butz, Alberto"]
[Result "1/2-1/2"]
[WhiteElo "2014"]
[BlackElo "1810"]
[PlyCount "42"]
[EventDate "2018.01.08"]
[EventType "swiss"]
[EventRounds "9"]
[EventCountry "ESP"]
[SourceTitle "Ajedrez en Madrid"]
[Source "lmi"]
[SourceDate "2018.01.08"]
[SourceVersion "1"]
[SourceVersionDate "2018.01.25"]
[SourceQuality "1"]

1. e4 d5 2. exd5 Qxd5 3. Nc3 Qd8 4. d4 Nf6 5. Bc4 c6 6. Nge2 Bg4 7. f3 Bf5 8.
Bd3 Bg6 9. Be3 e6 10. Nf4 Bd6 11. Bxg6 hxg6 12. Qd3 Qc7 13. g3 g5 14. Nfe2
Bxg3+ 15. Nxg3 Qxg3+ 16. hxg3 Rxh1+ 17. Kf2 Rxa1 18. Bxg5 Nbd7 19. Ne4 Nxe4+
20. Qxe4 Nf6 21. Qe5 Rxa2 1/2-1/2

[Event "Madrid ch 2017-2018 Veteranos"]
[Site "Madrid ESP"]
[Date "2018.01.09"]
[Round "2.10"]
[White "Losada Gonzalez, Andres"]
[Black "Lorenzo Bailador, Alfredo"]
[Result "0-1"]
[WhiteElo "1807"]
[BlackElo "2011"]
[PlyCount "128"]
[EventDate "2018.01.08"]
[EventType "swiss"]
[EventRounds "9"]
[EventCountry "ESP"]
[SourceTitle "Ajedrez en Madrid"]
[Source "lmi"]
[SourceDate "2018.01.08"]
[SourceVersion "1"]
[SourceVersionDate "2018.01.25"]
[SourceQuality "1"]

1. e4 e5 2. Nf3 Nc6 3. Bc4 Nf6 4. Ng5 d5 5. exd5 b5 6. Bf1 Nd4 7. c3 Nxd5 8.
Nxf7 Kxf7 9. cxd4 exd4 10. Bxb5 Qe7+ 11. Kf1 Qc5 12. Na3 Rb8 13. Bc4 Be6 14. d3
Bd6 15. b3 Rhe8 16. Nc2 Nc3 17. Qf3+ Kg8 18. Ba3 Qb6 19. Bb2 Bxc4 20. dxc4 Ne4
21. Qd3 c5 22. Re1 Nf6 23. Rxe8+ Rxe8 24. g3 Qa6 25. a3 Qb7 26. f3 Ng4 27. Bc1
Ne5 28. Qe4 Qxb3 29. Kg2 Qd3 30. Re1 Qxe4 31. Rxe4 Kf7 32. Nxd4 cxd4 33. Rxd4
Ke6 34. Bf4 h6 35. h4 Rc8 36. Bxe5 Kxe5 37. Rg4 Kf6 38. a4 Rc6 39. h5 Kf7 40.
Rg6 Rb6 41. a5 Rb2+ 42. Kh3 Be7 43. Rc6 Re2 44. a6 Re5 45. g4 Rc5 46. Rxc5 Bxc5
47. Kg3 Ke6 48. Kf4 Bf2 49. Ke4 Bg1 50. f4 Bh2 51. g5 hxg5 52. fxg5 Bd6 53. h6
gxh6 54. gxh6 Bf8 55. Kd4 Kd6 56. h7 Bg7+ 57. Ke4 Kc5 58. Kf5 Kxc4 59. Kg6 Bd4
60. Kf7 Kb5 61. Kg8 Kxa6 62. h8=Q Bxh8 63. Kxh8 Kb5 64. Kg7 a5 0-1

[Event "Madrid ch 2017-2018 Veteranos"]
[Site "Madrid ESP"]
[Date "2018.01.09"]
[Round "2.11"]
[White "Garcia Galeote, Lorenzo"]
[Black "Hernandez Gutierrez, Jose"]
[Result "1-0"]
[WhiteElo "1971"]
[BlackElo "1803"]
[PlyCount "115"]
[EventDate "2018.01.08"]
[EventType "swiss"]
[EventRounds "9"]
[EventCountry "ESP"]
[SourceTitle "Ajedrez en Madrid"]
[Source "lmi"]
[SourceDate "2018.01.08"]
[SourceVersion "1"]
[SourceVersionDate "2018.01.25"]
[SourceQuality "1"]

1. d4 d5 2. e3 Bf5 3. Bd3 Bxd3 4. Qxd3 c6 5. Nf3 Nf6 6. Nbd2 e6 7. O-O Be7 8.
b3 O-O 9. Bb2 Nbd7 10. e4 dxe4 11. Nxe4 Nxe4 12. Qxe4 Nf6 13. Qe2 Qd5 14. Rfe1
Qh5 15. a3 Rad8 16. c4 Rfe8 17. h3 h6 18. b4 a6 19. Rad1 Nh7 20. Qc2 Bf6 21.
Re3 Ng5 22. Ne5 Bxe5 23. Rxe5 f6 24. Re2 Qf7 25. Rde1 Nh7 26. Re3 b5 27. Qe2
Nf8 28. f4 Qc7 29. f5 Rd7 30. fxe6 Rde7 31. d5 cxd5 32. cxd5 Qd6 33. Qf3 Rd8
34. Qg4 h5 35. Qxh5 Qxd5 36. Qg4 Qg5 37. Qxg5 fxg5 38. Re5 Rde8 39. Rxg5 Nxe6
40. Rge5 Kf7 41. Kf2 g6 42. h4 Nc7 43. Rxe7+ Rxe7 44. Rxe7+ Kxe7 45. Ke3 Ke6
46. g4 Nd5+ 47. Ke4 Nb6 48. Bc1 Nc4 49. h5 gxh5 50. gxh5 a5 51. Kd4 axb4 52.
axb4 Kd6 53. Bf4+ Ke6 54. Kc5 Na3 55. Bc1 Nc2 56. Kxb5 Nd4+ 57. Ka6 Kd5 58. h6
1-0

[Event "Madrid ch 2017-2018 Veteranos"]
[Site "Madrid ESP"]
[Date "2018.01.09"]
[Round "2.12"]
[White "Cruz Gonzalez, Antonio"]
[Black "Quintero Torres, Pedro"]
[Result "0-1"]
[WhiteElo "1766"]
[BlackElo "1966"]
[PlyCount "70"]
[EventDate "2018.01.08"]
[EventType "swiss"]
[EventRounds "9"]
[EventCountry "ESP"]
[SourceTitle "Ajedrez en Madrid"]
[Source "lmi"]
[SourceDate "2018.01.08"]
[SourceVersion "1"]
[SourceVersionDate "2018.01.25"]
[SourceQuality "1"]

1. e4 c6 2. d4 d5 3. exd5 cxd5 4. Bd3 Nc6 5. c3 Nf6 6. Bf4 g6 7. h3 Bg7 8. Nf3
O-O 9. O-O Nh5 10. Bh2 Bh6 11. Re1 Nf4 12. Bf1 Ne6 13. Nbd2 a6 14. Ne5 Nxe5 15.
Bxe5 Bg7 16. Bh2 b5 17. a3 Bb7 18. Nf3 Nc7 19. Qe2 e6 20. Qe3 Ne8 21. Ne5 Nd6
22. b3 Rc8 23. Rec1 Nf5 24. Qd2 Bh6 25. f4 Nd6 26. Ng4 Bg7 27. Nf2 Ne4 28. Nxe4
dxe4 29. Bg3 Rxc3 30. Rxc3 Qxd4+ 31. Qe3 Qxc3 32. Qxc3 Bxc3 33. Rd1 Bd5 34. a4
Bxb3 35. axb5 Bxd1 0-1

[Event "Madrid ch 2017-2018 Veteranos"]
[Site "Madrid ESP"]
[Date "2018.01.09"]
[Round "2.13"]
[White "Martin Martin, Luis Vicente"]
[Black "Beekhof Harmsen, Willen"]
[Result "1-0"]
[WhiteElo "1946"]
[BlackElo "1543"]
[PlyCount "87"]
[EventDate "2018.01.08"]
[EventType "swiss"]
[EventRounds "9"]
[EventCountry "ESP"]
[SourceTitle "Ajedrez en Madrid"]
[Source "lmi"]
[SourceDate "2018.01.08"]
[SourceVersion "1"]
[SourceVersionDate "2018.01.25"]
[SourceQuality "1"]

1. d4 Nf6 2. Nf3 g6 3. Bf4 Bg7 4. e3 O-O 5. Be2 b6 6. h3 Bb7 7. O-O d6 8. Nbd2
Re8 9. a4 a5 10. c3 Nbd7 11. Qb1 Nh5 12. Bh2 f5 13. Ng5 e5 14. Qa2+ d5 15. Bxh5
Qxg5 16. Bf3 e4 17. Be2 c5 18. Bb5 Re7 19. dxc5 Nxc5 20. Nb3 Rc8 21. Rad1 Nd3
22. Nd4 Bxd4 23. cxd4 Nb4 24. Qb3 Qf6 25. Rc1 Qe6 26. Rxc8+ Qxc8 27. Bd6 Rf7
28. Bxb4 axb4 29. Qxb4 f4 30. exf4 Qf8 31. Qxf8+ Kxf8 32. Rc1 Kg7 33. g3 Kh6
34. Rc3 g5 35. fxg5+ Kxg5 36. Bc6 Kf5 37. Bxb7 Rxb7 38. Rc6 h5 39. Rd6 e3 40.
Rxd5+ Ke4 41. Re5+ Kxd4 42. Rxe3 b5 43. axb5 Rxb5 44. b3 1-0

[Event "Madrid ch 2017-2018 Veteranos"]
[Site "Madrid ESP"]
[Date "2018.01.09"]
[Round "2.14"]
[White "Martin Garcia, Francisco Javier"]
[Black "Alvarez Abejon, Amilcar"]
[Result "0-1"]
[WhiteElo "1487"]
[BlackElo "1926"]
[PlyCount "66"]
[EventDate "2018.01.08"]
[EventType "swiss"]
[EventRounds "9"]
[EventCountry "ESP"]
[SourceTitle "Ajedrez en Madrid"]
[Source "lmi"]
[SourceDate "2018.01.08"]
[SourceVersion "1"]
[SourceVersionDate "2018.01.25"]
[SourceQuality "1"]

1. d4 e6 2. Nf3 Nf6 3. c4 Bb4+ 4. Bd2 a5 5. a3 Bxd2+ 6. Nbxd2 d5 7. Qc2 a4 8.
g3 O-O 9. Bg2 c6 10. O-O Nbd7 11. Ne1 e5 12. dxe5 Nxe5 13. cxd5 cxd5 14. Rc1
Bg4 15. Nef3 Nc6 16. Rfd1 Qb6 17. h3 Bh5 18. Qc5 Qxc5 19. Rxc5 Rad8 20. Nb1
Rfe8 21. Nc3 d4 22. Nxa4 Rxe2 23. g4 Bg6 24. Nxd4 Nxd4 25. Rxd4 Rxd4 26. Rc8+
Re8 27. Rxe8+ Nxe8 28. Bxb7 Nd6 29. Bc6 Be4 30. Bxe4 Nxe4 31. b4 Rd3 32. Nc5
Nxc5 33. bxc5 Rxa3 0-1

[Event "Madrid ch 2017-2018 Veteranos"]
[Site "Madrid ESP"]
[Date "2018.01.09"]
[Round "2.15"]
[White "Infante Martin, Alonso"]
[Black "Viñas Lopez, Carlos"]
[Result "0-1"]
[WhiteElo "1345"]
[BlackElo "1884"]
[PlyCount "86"]
[EventDate "2018.01.08"]
[EventType "swiss"]
[EventRounds "9"]
[EventCountry "ESP"]
[SourceTitle "Ajedrez en Madrid"]
[Source "lmi"]
[SourceDate "2018.01.08"]
[SourceVersion "1"]
[SourceVersionDate "2018.01.25"]
[SourceQuality "1"]

1. d4 d5 2. c4 e6 3. Nc3 Nf6 4. cxd5 exd5 5. Bg5 c6 6. e3 Nbd7 7. Bd3 Be7 8.
Qc2 O-O 9. Nf3 Re8 10. h3 Nf8 11. Bh4 Ng6 12. Bg3 Bd6 13. Bxd6 Qxd6 14. g4 Nf4
15. Bf1 b5 16. O-O-O Ng6 17. Bd3 Be6 18. Rde1 a6 19. Ng5 c5 20. Nxe6 Rxe6 21.
g5 Nd7 22. h4 cxd4 23. exd4 Rxe1+ 24. Rxe1 Qf4+ 25. Kb1 Qxh4 26. Nxd5 Qxd4 27.
Be4 Re8 28. f3 Qc5 29. Qd2 Qf8 30. f4 Nc5 31. Bxg6 hxg6 32. Rh1 f6 33. Nc7 Rd8
34. Qc2 Qd6 35. b4 Qxc7 36. bxc5 Qxf4 37. c6 Qf5 38. Rc1 Rc8 39. Kb2 Qxc2+ 40.
Rxc2 Kf7 41. Rc5 Ke6 42. Kb3 Kd6 43. Kb4 Rxc6 0-1

[Event "Madrid ch 2017-2018 Veteranos"]
[Site "Madrid ESP"]
[Date "2018.01.09"]
[Round "2.16"]
[White "Garcia Martin, Esteban"]
[Black "Rodriguez Bernal, Herman"]
[Result "1-0"]
[WhiteElo "1886"]
[BlackElo "1744"]
[PlyCount "119"]
[EventDate "2018.01.08"]
[EventType "swiss"]
[EventRounds "9"]
[EventCountry "ESP"]
[SourceTitle "Ajedrez en Madrid"]
[Source "lmi"]
[SourceDate "2018.01.08"]
[SourceVersion "1"]
[SourceVersionDate "2018.01.25"]
[SourceQuality "1"]

1. c4 c5 2. Nc3 Nc6 3. g3 g6 4. Bg2 Bg7 5. e4 e6 6. Nge2 Nge7 7. O-O a6 8. d3
Rb8 9. a4 b6 10. Bf4 d6 11. Qd2 h6 12. Qc1 Bb7 13. Bd2 Nd4 14. Nxd4 cxd4 15.
Ne2 d5 16. exd5 exd5 17. Bf4 Rc8 18. b4 g5 19. Bd2 O-O 20. c5 bxc5 21. bxc5 Qc7
22. Qa3 Rfe8 23. Rfc1 Nc6 24. Bf1 Ne5 25. Kg2 a5 26. Ng1 Ba6 27. Nf3 Nxf3 28.
Kxf3 Bf8 29. Rc2 Bxc5 30. Qc1 Re6 31. h4 Rf6+ 32. Kg2 gxh4 33. Bxh6 Qd6 34. Bf4
Qf8 35. Be5 Rg6 36. Qf4 Be7 37. Rxc8 Bxc8 38. Qxd4 hxg3 39. fxg3 Qh6 40. Ra2
Bh4 41. Kf2 Bd8 42. Qf4 Bg5 43. Qf3 Be6 44. Rb2 f6 45. Bf4 Bxf4 46. Qxf4 Qxf4+
47. gxf4 Rg4 48. Kf3 f5 49. Rb5 Bd7 50. Rxa5 d4 51. Ra7 Bc6+ 52. Ke2 Rxf4 53.
a5 Rh4 54. Rc7 Rh2+ 55. Ke1 Bb5 56. Rb7 Bc6 57. Rb6 Bf3 58. a6 Ra2 59. Bh3 f4
60. Be6+ 1-0

[Event "Madrid ch 2017-2018 Veteranos"]
[Site "Madrid ESP"]
[Date "2018.01.09"]
[Round "2.17"]
[White "Lopez Peral, Enrique"]
[Black "Martinez Carrasco, Jesus"]
[Result "0-1"]
[WhiteElo "1716"]
[BlackElo "1568"]
[PlyCount "89"]
[EventDate "2018.01.08"]
[EventType "swiss"]
[EventRounds "9"]
[EventCountry "ESP"]
[SourceTitle "Ajedrez en Madrid"]
[Source "lmi"]
[SourceDate "2018.01.08"]
[SourceVersion "1"]
[SourceVersionDate "2018.01.25"]
[SourceQuality "1"]

1. c4 Nf6 2. d4 g6 3. Nc3 Bg7 4. e4 d6 5. Nf3 O-O 6. Be2 Nbd7 7. O-O b6 8. Qc2
Bb7 9. h3 e5 10. dxe5 dxe5 11. Bg5 c5 12. Rad1 Qc8 13. Rd6 Ne8 14. Rd2 Nc7 15.
Rfd1 Bc6 16. Nd5 Nxd5 17. exd5 Bb7 18. Nh4 f5 19. g4 f4 20. Nxg6 hxg6 21. Qxg6
Qe8 22. Qe4 Nf6 23. Bxf6 Bxf6 24. Bd3 Qf7 25. f3 Rae8 26. Rg2 Bh4 27. Kh2 Bg3+
28. Kh1 Qg7 29. Rdg1 Qh6 30. Rxg3 fxg3 31. Rxg3 Rf4 32. Qe2 Qh4 33. Kh2 Qg5 34.
Bf5 Bc8 35. b3 Rd4 36. Rg2 Qf4+ 37. Kh1 Kg7 38. Bxc8 Rxc8 39. h4 Re8 40. h5 Qg5
41. d6 Rxd6 42. f4 Qxf4 43. Rf2 Qc1+ 44. Rf1 Qg5 45. Qf3 0-1